Stochastic analysis
Αποθηκεύτηκε σε:
| Κύριος συγγραφέας: | |
|---|---|
| Μορφή: | Βιβλίο |
| Γλώσσα: | English |
| Δημοσίευση: |
Berlin ; Heidelberg :
Springer,
c1997
|
| Σειρά: | Grundlehren der mathematischen wissenschaften ;
; 313 |
| Θέματα: | |
| Ετικέτες: |
Προσθήκη ετικέτας
Δεν υπάρχουν, Καταχωρήστε ετικέτα πρώτοι!
|
MARC
| LEADER | 00000nam a2200000 i 4500 | ||
|---|---|---|---|
| 001 | 1/70345 | ||
| 008 | 990224s1997 eng d | ||
| 020 | |a 3-540-57024-1 | ||
| 035 | |l 10048075 | ||
| 040 | |a GR-MY-UA |b gre |e aacr | ||
| 041 | 0 | |a eng | |
| 082 | 0 | |a 519.2 | |
| 100 | 1 | |a Malliavin, Paul |d 1925- | |
| 245 | 1 | 0 | |a Stochastic analysis / |c Paul Malliavin |
| 260 | |a Berlin ; Heidelberg : |b Springer, |c c1997 | ||
| 300 | |a xi, 342 p.; |c 24 cm. | ||
| 490 | 1 | |a Grundlehren der mathematischen Wissenschaften |v ; 313 | |
| 500 | |a Includes bibliographical references and index | ||
| 650 | 0 | 0 | |a Stochastic analysis. |
| 830 | 0 | |a Grundlehren der mathematischen wissenschaften ; |v ; 313 | |
| 852 | |a INST |b SAMOS |e 19990224 |h 519.2 MAL |p 005300013264 |q 005300013264 |t BK |y 0 | ||
| 901 | |a BIBL-1999-1 | ||
| 909 | |a Σ |b 063061 | ||
| 922 | |a 3ΕΛΗ |b 199901 |c ΕΠΕΑΕΚ/ΜΑΘ |d GLORY | ||